Chinese Cinderella: (Record no. 364706)
[ view plain ]
| 000 -LEADER | |
|---|---|
| fixed length control field | 00665nam a22001937a 4500 |
| 003 - CONTROL NUMBER IDENTIFIER | |
| control field | 1 |
| 005 - DATE AND TIME OF LATEST TRANSACTION | |
| control field | 20220318080106.0 |
| 008 - FIXED-LENGTH DATA ELEMENTS--GENERAL INFORMATION | |
| fixed length control field | 220318b xxu||||| |||| 00| 0 eng d |
| 020 ## - INTERNATIONAL STANDARD BOOK NUMBER | |
| International Standard Book Number | 978-0-385-74007-4 |
| 050 ## - LIBRARY OF CONGRESS CALL NUMBER | |
| Classification number | CT275 |
| Item number | .M45115A3 1999 |
| 100 ## - MAIN ENTRY--PERSONAL NAME | |
| Personal name | Mah,Adeline Yen |
| 245 ## - TITLE STATEMENT | |
| Title | Chinese Cinderella: |
| Remainder of title | the true story of an unwanted daughter |
| Statement of responsibility, etc | Adeline Yen Mah |
| 260 ## - PUBLICATION, DISTRIBUTION, ETC. (IMPRINT) | |
| Place of publication, distribution, etc | New York |
| Name of publisher, distributor, etc | Random House Children's Book |
| Date of publication, distribution, etc | c1999 |
| 300 ## - PHYSICAL DESCRIPTION | |
| Extent | 134 pp.; |
| Dimensions | 12 cm. |
| 500 ## - GENERAL NOTE | |
| General note | Adeline Yen Mah- Juvenile Literature |
| 500 ## - GENERAL NOTE | |
| General note | Chinese Americans-California-Biography-Juvenile Literature |
| 500 ## - GENERAL NOTE | |
| General note | China-Social life and Customs- Juveline literature |
| 942 ## - ADDED ENTRY ELEMENTS (KOHA) | |
| Source of classification or shelving scheme | Library of Congress Classification |
| Koha item type | Books |
| Withdrawn status | Lost status | Source of classification or shelving scheme | Damaged status | Home library | Current library | Shelving location | Date acquired | Source of acquisition | Sub Shelving location | Total Checkouts | Total Renewals | Full call number | Barcode | Checked out | Date last seen | Date checked out | Price effective from | Koha item type |
|---|---|---|---|---|---|---|---|---|---|---|---|---|---|---|---|---|---|---|
| Library of Congress Classification | Luxembourg Library | Luxembourg Library | Fiction Section | 03/18/2022 | Donation | 7 | 1 | CT275 .M45115A3 1999 | 21004 | 02/10/2026 | 09/04/2025 | 09/04/2025 | 03/18/2022 | Books | ||||
| Library of Congress Classification | Luxembourg Library | Luxembourg Library | Fiction Section | 03/18/2022 | Donation | 12 | 2 | CT275 .M45115A3 1999 | 21005 | 09/17/2025 | 08/28/2025 | 03/18/2022 | Books |